01160 a2200241 4500003000500000005001700005010001600022020002800038040000900066082001400075100002600089245013600115250002900251260003500280300003300315440004200348505040200390650002300792650002100815650002600836700002700862700002900889Nust20221018161511.0 a 99052317 a1580530354 (alk. paper) cNust00a005.8,KAT aKatzenbeisser, Stefan00aInformation hiding techniques for steganography and digital water marking /cStefan Katzenbeisser, Fabien A.P. Petitcolas, editors. aComputer Security Series aBoston :bArtech House,c2000. axviii, 220 p.:bill.c24 cm. 0aArtech House computer security series aIntroduction To Information Hiding (Page-1), Secret Writing And Stenography (Page-15), A Survey Of Steganography Techniques (Page-43), Steganalysis (Page-79), Watermarking And Copyright Protection (Page-95).A Survey Of Current Watermarking Techniques (Page-121), Robustness Of Copyright Marking Systems (Page-149), Fingerprinting (Page-175), Copyright On The Internets And Watermarking (Page-191). 0aComputer security. 0aData protection. 0aDigital watermarking.1 aKatzenbeisser, Stefan.1 aPetitcolas, Fabien A. P.